000 00349nam a2200145Ia 4500
008 150201s2003 xx 000 0 und d
082 _a617.5
_bS2003D
100 _aDAS,S.
245 2 _aA CONCISE TEXTBOOK OF SURGERY
250 _a3RD
260 _bS.DAS.PUBLICATION
_aCALCUTTA
_c2003
300 _a1-1324
650 _aSURGERY
942 _2ddc
_cBK
_05
999 _c2980
_d2980